00562cam a22001932a 450000100060000000300080000600500170001400800410003103500190007204000270009104100080011808200210012610000250014724500510017226000470022330000340027050400500030465000140035416529BD-RjUL20211209000023.0140213s1968 njua b 001 0 eng d a(BD-RjUL)16584 aDLCcDLCdBD-RjULbeng aeng00a797.21bCOS 19681 aCounsilman, James E.14aThe science of swimming /cJames E. Counsilman aEnglewood Cliffs :bPrentice-Hall,cc1968. axiii, 457 p. :bill. ;c24 cm aIncludes bibliographical footnotes and index. 0aSwimming.